<?xml version="1.0" encoding="UTF-8"?><?xml-stylesheet type="text/xsl" href="static/style.xsl"?><OAI-PMH xmlns="http://www.openarchives.org/OAI/2.0/" xmlns:xsi="http://www.w3.org/2001/XMLSchema-instance" xsi:schemaLocation="http://www.openarchives.org/OAI/2.0/ http://www.openarchives.org/OAI/2.0/OAI-PMH.xsd"><responseDate>2026-04-13T13:24:07Z</responseDate><request verb="GetRecord" identifier="oai:www.recercat.cat:2117/350228" metadataPrefix="marc">https://recercat.cat/oai/request</request><GetRecord><record><header><identifier>oai:recercat.cat:2117/350228</identifier><datestamp>2025-07-17T16:43:41Z</datestamp><setSpec>com_2072_1033</setSpec><setSpec>col_2072_452951</setSpec></header><metadata><record xmlns="http://www.loc.gov/MARC21/slim" xmlns:dcterms="http://purl.org/dc/terms/" xmlns:xsi="http://www.w3.org/2001/XMLSchema-instance" xmlns:doc="http://www.lyncode.com/xoai" xsi:schemaLocation="http://www.loc.gov/MARC21/slim http://www.loc.gov/standards/marcxml/schema/MARC21slim.xsd">
   <leader>00925njm 22002777a 4500</leader>
   <datafield ind2=" " ind1=" " tag="042">
      <subfield code="a">dc</subfield>
   </datafield>
   <datafield ind2=" " ind1=" " tag="720">
      <subfield code="a">Arnan Mitjans, Jofre</subfield>
      <subfield code="e">author</subfield>
   </datafield>
   <datafield ind2=" " ind1=" " tag="260">
      <subfield code="c">2021-07-13</subfield>
   </datafield>
   <datafield ind2=" " ind1=" " tag="520">
      <subfield code="a">En la present memòria es detalla el disseny de l’utillatge necessari per a l’automatització del procés de confecció d’una peça basada únicament en filferro, amb la conseqüent integració d’aquest utillatge en un únic conjunt o màquina. Actualment, aquesta peça s’obté de forma manual i depèn completament de la destresa de l’operari en qüestió, de manera que l’objectiu del projecte és facilitar-ne l’obtenció i homogeneïtzar-ne la producció per tal que les peces fabricades presentin el mínim de diferències entre sí, minimitzant-ne al mateix temps el nombre de defectes i el temps de fabricació requerit. Pel correcte disseny de la màquina s’han volgut tenir en compte les càrregues que intervenen en el procés per tal d’assegurar que el disseny és el correcte i que el predimensionament és l’adequat. A tal efecte, s’han comprovat analíticament quines són les accions que afecten el conjunt, amb el suport també d’eines de càlcul computacional per a comprovar els resultats obtinguts. El projecte de què tracta aquest document consisteix en un encàrrec real a l’empresa PRODPRO Industrial, SL. Aquesta, a banda d’ocupar-se del disseny del conjunt, s’ha com-promès també a dur a terme la fabricació del conjunt sencer. De totes maneres, convé destacar que aquest procés no ha estat integrat en aquesta memòria, de manera que aquesta es centra únicament en els aspectes relacionats amb el disseny i projecció de la proposta elaborada</subfield>
   </datafield>
   <datafield tag="653" ind2=" " ind1=" ">
      <subfield code="a">Àrees temàtiques de la UPC::Enginyeria mecànica</subfield>
   </datafield>
   <datafield tag="653" ind2=" " ind1=" ">
      <subfield code="a">Copper wire -- Equipment and supplies</subfield>
   </datafield>
   <datafield tag="653" ind2=" " ind1=" ">
      <subfield code="a">Manufacturing processes -- Design and construction</subfield>
   </datafield>
   <datafield tag="653" ind2=" " ind1=" ">
      <subfield code="a">Filferros -- Aparells i accessoris</subfield>
   </datafield>
   <datafield tag="653" ind2=" " ind1=" ">
      <subfield code="a">Fabricació -- Automatització -- Disseny i construcció</subfield>
   </datafield>
   <datafield ind2="0" ind1="0" tag="245">
      <subfield code="a">Disseny d’una màquina per a l’automatització del procés de fabricació d’una peça de filferro</subfield>
   </datafield>
</record></metadata></record></GetRecord></OAI-PMH>